Welcome to the Holygrace Academy Library

Please use search bar below to get started

OBJECTIVE CHEMISTRY (Record no. 688)

MARC details
000 -LEADER
fixed length control field 00289nam a22001217a 4500
082 ## - DEWEY DECIMAL CLASSIFICATION NUMBER
Classification number 540
Item number KAP/O
100 ## - MAIN ENTRY--AUTHOR NAME
Personal name P.N.KAPIL
245 ## - TITLE STATEMENT
Title OBJECTIVE CHEMISTRY
Remainder of title INORGANIC CHEMISTRY
260 ## - PUBLICATION, DISTRIBUTION, ETC. (IMPRINT)
Place of publication JALANDHAR
Name of publisher S.DINESH & CO
300 ## - PHYSICAL DESCRIPTION
Number of Pages 744
650 ## - SUBJECT ADDED ENTRY--TOPICAL TERM
Topical Term CHEMISTRY FOR CLASS XII
Geographic subdivision INDIA
942 ## - ADDED ENTRY ELEMENTS (KOHA)
Koha item type Books
Holdings
Withdrawn status Lost status Collection code Home library Current library Shelving location Date acquired Source of acquisition Full call number Accession Number Koha item type
    Reference Main Library Main Library SHELF-9 C XII CHEMISTRY 02/07/2010 purchase 540 KAP/O 05958 Books
    Reference Main Library Main Library SHELF-9 C XII CHEMISTRY 12/10/2012 purchase 540 KAP/O 07083 Books